Mario Kart 8 DLC Pack 2 Tracks - Statistics

General Stats
  • This quiz has been taken 42 times
  • The average score is 7 of 8
Answer Stats
Crossing Cup % Correct
Animal Crossing
97%
Big Blue
90%
Super Bell Subway
90%
Cheese Land
87%
Wild Woods
87%
Ribbon Road
77%
Baby Park
73%
Neo Bowser City
70%
No matching quizzes found
Score Distribution
Percent of People with Each Score
Percentile by Number Answered
Your Score History
You have not taken this quiz